| 000 | 01082nam a22002537a 4500 | ||
|---|---|---|---|
| 005 | 20250129153621.0 | ||
| 008 | 250129b |||||||| |||| 00| 0 eng d | ||
| 020 | _a978-81-977854-2-9 (hbk) | ||
| 037 | _cTB | ||
| 040 |
_aAL _cAL |
||
| 041 |
_2hin _ahin |
||
| 084 |
_aLB,72:4:6 152R4 _qAL |
||
| 100 | _aरस्तोगी, अंशुला | ||
| 245 | _aमस्तिष्क रोग एवं आयुर्वेद | ||
| 260 |
_aनई दिल्ली, भारत: _bरावत प्रकाशन, _c2024 |
||
| 300 | _a216 पृ0 | ||
| 365 |
_b1200.00 _cINR |
||
| 650 | _aचिकित्सा | ||
| 650 | _aवेद - आयुर्वेद | ||
| 653 | _aचिकित्सा | ||
| 653 | _aवेद - आयुर्वेद | ||
| 942 |
_2CC _cTB _hLB,72:4:6 152R4 _n0 |
||
| 999 |
_c1238301 _d1238301 |
||